000 00463nam a2200157Ia 4500
999 _c6019
_d6019
003 OSt
005 20200113145228.0
008 190216s9999||||xx |||||||||||||| ||und||
040 _coclc
082 _a322.3
_bCHE/B
100 _aCherunilam, Francis
_9546
245 0 _aBusiness And Government /
_cFrancis Cherunilam
260 _bHimalaya Publishing House,
_c1990.
_aDelhi:
300 _a393p
942 _cBK
_2ddc
_h322.3
_iCHE/B
_k322.3
_mCHE/B